Horse heaven

Bibliographic Details
Main Author: Smiley, Jane
Format: Book
Published: London : Faber and Faber Ltd. , 2000

MARC

LEADER 00000cam a2200000 7i4500
001 0000057607
005 20020705.0
020 |a 0571205550 
090 0 0 |a F   |b SMI 
100 1 |a Smiley, Jane 
245 1 0 |a Horse heaven   |c Jane Smiley 
260 |a London :   |b Faber and Faber Ltd. ,   |c 2000 
300 |a 561p. ;   |c 23cm. 
999 |a 116779   |b BUKU   |c PINJAMAN   |e PERPUSTAKAAN KOMUNITI PETALING JAYA 
999 |a 116780   |b BUKU   |c PINJAMAN   |e PERPUSTAKAAN KOMUNITI PETALING JAYA